000 00268nam a2200121Ia 4500
008 230312s9999||||xx |||||||||||||| ||und||
082 _a616.01
_bGLA-C
100 _aGladwin;Mark M.D
245 0 _aClinical Microbiology
300 _a392
650 _aMedical
942 _cBK
999 _c546
_d546